| 000 | 00628nam a2200193 a 4500 | ||
|---|---|---|---|
| 001 | 3717 | ||
| 003 | CDMR | ||
| 005 | 20130326180820.0 | ||
| 008 | 130130s1990||||||||||||||||||||||||||||d | ||
| 020 | _a8439312938 | ||
| 040 |
_aCDMR _bcat _cCDMR |
||
| 100 | 1 |
_aFigueres i Artigues, Josep Maria _913 |
|
| 245 | 1 | 0 |
_aValentí Almirall _cJosep M Figueres _b: forjador del catalanisme polític |
| 260 |
_aBarcelona _c1990 _bGeneralitat de Catalunya. Entitat Autònoma del Diari Oficial i de Publicacions |
||
| 300 |
_a286 p ; _c23 cm |
||
| 490 | 0 |
_aTextos i Documents _v8 |
|
| 600 | 1 |
_aAlmirall, Valentí _vBiografia _9192 |
|
| 942 |
_cMON _2udc |
||
| 999 |
_c3717 _d3717 |
||